000 00698nam a22002657a 4500
001 BR3700091
003 BR-BrBNA
005 20230928082859.0
007 ta
008 230509b bl.||||| |||| 00| 0 por d
040 _aBR-BrBNA
_bpor
_cBiblioteca Nacional de Agricultura
041 _a(Por)
072 _aE70; E10; F00
_b0430
_b8930
090 _ 0430 BR3700091
100 1 _aCavalcanti, A.B.
245 1 _aRetalhos de jornais (algodao)[beneficiamento]
260 3 _aCaruaru, PE (Brasil):
_c1937.
300 _a56 p.
650 _aALGODAO
650 _aFIBRA
650 _aCLASSIFICACAO DE PRODUTO
650 _aBENEFICIAMENTO
909 _a202309
_bLucia
_c55
_dLucia Elande
942 _cBK
999 _c10414
_d10414